My Senec - Pezinok

Bibliographic Details
Other Authors: Ondrejka, Marek (Publishing director), Paulovská, Jana (Publishing director)
Format: Journal
Language:Slovak
PhysicalDescription:5 zv. 40 cm
Published: Nitra Petit Press 2010-2014
ISSN:1338-1873
Subjects:

MARC

LEADER 00000cas a2200000 a 4500
001 vtls010207883
003 SK-MaSNL
005 20260228160334.0
008 150520d20102014xo wr|p 0 b0slo c
022 |a 1338-1873 
040 |a SVKPO  |b slo  |c SVKPO  |d SNK  |e AACR2 
041 0 |a slo 
044 |a xr  |c SK 
072 7 |a 394  |x Verejný a spoločenský život. Každodenný život  |2 konspekt 
080 |a 394  |2 2001 
080 |a 050  |2 2001 
210 0 |a My Senec - Pezinok 
222 0 |a My Senec - Pezinok 
245 0 0 |a My Senec - Pezinok 
246 1 3 |a Senec - Pezinok 
260 |a Nitra  |b Petit Press  |c 2010-2014 
300 |a 5 zv.  |c 40 cm 
310 |a 1x týždenne 
362 0 |a Roč. 20 [1], č. 1 (2010)-roč. 4, č. 51 (2014) 
500 |a Šéfredaktor: 1/2010-24/2010, Marek Ondrejka ; 25/2010-51/2014, Jana Paulovská 
500 |a Patrí do siete regionálnych novín MY, vydavateľskej skupiny Petit Press 
500 |a Reg. číslo: MK SR 2452/2000 
515 |a V r. 2010 chýbné číslovanie roč. na obale (20 roč. namiesto roč. 1) 
515 |a V r. 2011 do č. 24 chýbné číslovanie roč. na obale (21 roč. namiesto roč. 2) 
515 |a V r. 2012 od č. 18 zmena číslovania roč. na obale (z roč. 3 na 2 roč.) 
525 |a Prílohy v niektorých číslach 
650 0 7 |a každodenný život  |2 SNKPH  |9 4946 
650 0 7 |a spoločenský život  |2 SNKPH  |9 28654 
650 0 7 |a regionálna politika  |2 SNKPH  |9 2351 
655 7 |a regionálne periodiká  |2 SNKPH  |9 131775 
700 1 |a Ondrejka, Marek  |4 pbd  |9 266444 
700 1 |a Paulovská, Jana  |4 pbd  |9 266445 
910 |a snk 
916 |a 2010-2014 
958 |a OND 
999 |c 2198  |d 4128 
952 |0 0  |1 0  |4 0  |7 0  |8 0  |a SNK  |b SNK  |d 2015-05-19  |f 1  |i snk2015/16085  |l 0  |o snkČSA 1393/3/2013/2  |p 17A1144553  |r 2026-02-21 20:18:47  |t č. 27-51, neúpl.  |w 2026-02-21  |y PREZ  |z chýba č. 36 
952 |0 0  |1 0  |4 0  |7 0  |8 0  |a SNK  |b SNK  |d 2015-05-19  |f 1  |i snk2015/16110  |l 0  |o snkČSA 1393/4/2014/2  |p 17A1144555  |r 2026-02-21 20:18:47  |t č. 27-51  |w 2026-02-21  |y PREZ 
952 |0 0  |1 0  |4 0  |7 0  |8 0  |a SNK  |b SNK  |d 2015-05-19  |f 1  |i snk2015/16109  |l 0  |o snkČSA 1393/4/2014/1  |p 17A1144554  |r 2026-02-21 20:18:47  |t č. 1-26  |w 2026-02-21  |y PREZ 
952 |0 0  |1 0  |4 0  |7 0  |8 0  |a SNK  |b SNK  |d 2015-05-19  |f 1  |i snk2015/16007  |l 0  |o snkČSA 1393/1[20]/2010  |p 17A1143960  |r 2026-02-21 21:34:54  |t č. 1-32  |w 2026-02-21  |y PREZ  |z na obale čas. je uvedené chybné označenie roč. (20) 
952 |0 0  |1 0  |4 0  |7 0  |8 0  |a SNK  |b SNK  |d 2015-05-19  |f 1  |i snk2015/16017  |l 0  |o snkČSA 1393/2[21]/2011/1  |p 17A1144548  |r 2026-02-21 21:34:54  |t č. 1-26, neúpl.  |w 2026-02-21  |y PREZ  |z do č. 24 chýbné označenie roč. na obale (21) ; chýba č. 25 
952 |0 0  |1 0  |4 0  |7 0  |8 0  |a SNK  |b SNK  |d 2015-05-19  |f 1  |i snk2015/16038  |l 0  |o snkČSA 1393/2/2011/2  |p 17A1144549  |r 2026-02-21 21:34:54  |t č. 27-51, neúpl.  |w 2026-02-21  |y PREZ  |z chýba č. 45 
952 |0 0  |1 0  |4 0  |7 0  |8 0  |a SNK  |b SNK  |d 2015-05-19  |f 1  |i snk2015/16061  |l 0  |o snkČSA 1393/3/2012/1  |p 17A1144550  |r 2026-02-21 21:34:54  |t č. 1-26, neúpl.  |w 2026-02-21  |y PREZ  |z chýbajú č. 3 a 5 
952 |0 0  |1 0  |4 0  |7 0  |8 0  |a SNK  |b SNK  |d 2015-05-19  |f 1  |i snk2015/16066  |l 0  |o snkČSA 1393/3[2]/2012/2  |p 17A1144551  |r 2026-02-21 21:41:25  |t č. 27-51  |w 2026-02-21  |y PREZ 
952 |0 0  |1 0  |4 0  |7 0  |8 0  |a SNK  |b SNK  |d 2015-05-19  |f 1  |i snk2015/16072  |l 0  |o snkČSA 1393/3/2013/1  |p 17A1144552  |r 2026-02-21 21:41:26  |t č. 1-26  |w 2026-02-21  |y PREZ